| 000 | 01233nam a2200337 i 4500 | ||
|---|---|---|---|
| 003 | EG-GICUC | ||
| 005 | 20260121101635.0 | ||
| 008 | 260101s1999 ua ||||fr|||| 00| 0 ara d | ||
| 017 | _a1997/15181 | ||
| 020 | _a977 -04-2253-3 | ||
| 040 |
_a EG-GICUC _bara _c EG-GICUC _d EG-GICUC _erda |
||
| 041 | 0 | _aara | |
| 082 | 0 | 4 |
_221 _a345.434 _bع ص . ط |
| 092 | 0 | 4 | _221 |
| 099 | _aLaw1 07 345.434 ع ص . ط 1997 | ||
| 100 | 0 |
_aعصمت عبد الله الشيخ _eمؤلف. |
|
| 245 | 1 | 2 |
_aالطبيعة القانونية لترقية الموظف العام بین الحق والواجب : _bدراسة مقارنة / _cعصمت عبد الله الشيخ. |
| 264 | 1 |
_aالقاهرة : _bدار النهضة العربية، _c1997. |
|
| 300 |
_a100 ؛ صفحة _c24 سم. |
||
| 336 |
_2rda content _atext |
||
| 337 |
_2rda media _aComputer |
||
| 338 |
_2rda carrier _aOnline Resource |
||
| 504 | _aببليوجرافيا صفحة 91-98. | ||
| 546 | _aالنص باللغة العربية | ||
| 650 | 1 | 4 |
_aالترقيات _2qrmak |
| 650 | 1 | 4 |
_aالقانون الإداري _2qrmak |
| 651 | 1 | _2qrmak | |
| 856 | 4 | 0 | _uhttps://fll.law.cu.edu.eg/fulltext/bks/B07-02011.pdf |
| 905 | _a77 | ||
| 942 |
_2ddc _cBK _e21 _n0 |
||
| 999 |
_c53825 _d53825 |
||